000 00276 a2200145 4500
001 161155
020 _a
040 _cMagnum
100 _a-
240 1 0 _aA lebre fanfarrona
_lpor
245 1 0 _aA lebre fanfarrona
362 0 _a1899
697 _aI/ANIMAIS
942 _cBK
999 _c161155
_d161155